000 00545nam a2200181 a 4500
005 20240827063717.0
008 991125s1982 mx 000 0 spa u
035 _aUPN01000000326
049 _aCG
050 4 _aHV1451
_bI5.2
110 2 _aInstituto Nacional de la Senectud (México)
245 1 0 _aAcción y proyección del Instituto Nacional de la Senectud /
_cInstituto Nacional de la Senectud.
260 _aMéxico :
_bINSEN,
_c1982.
300 _a79 p.
650 2 _aAncianos
_9583
650 4 _aASISTENCIA A LA VEJEZ
_92088
905 _aLibro
999 _c326
_d326